000 01502nam a2200409 c 4500
003 BLK
005 20240626134920.0
008 180411b bul|||||r ||||||| ||bul||
010 _aKNG00204745000
020 _a978-619-7237-08-5
040 _aBLK
041 _aBUL
_cBUL
072 7 _2bullib
_aН63
_xСелско стопанство Н
080 _aСемкови плодови растения - Ябълка, круша, дюля, мушмула и др.
_b634.10
_x:631.5
_z634.10:631.5
100 1 _aОрешков, Веселин Цочев
_eпърви автор
_9333781
139 _aОрешков, Веселин Цочев
_bО 69
245 1 0 _aПланински лимон
_cВеселин Цочев Орешков.
250 _a2. доп. изд.
257 _aBGR
260 _bРозова зора - Тракия
_c2016
_fСофия : Скала
300 _a63 с.
_bс ил.
_c19 см
380 _a63
500 _aИзд. на planinski.com - показалец за Естествен живот
650 4 _aЛимон - отглеждане
_9309243
653 _aлимони
653 _aнови производства
653 _aагротехника
659 _aН
852 _aЦб 285109
852 _bП
_c634.1/О-69 В
856 4 _qpdf
856 4 _qpdf
942 _cKNG
_n0
944 _aCR
_c07.04.2017
_k30570
_lМоника Янева
944 _aED
_c17.05.2017
_kГрета_Цуфелде
944 _aED
_kМ.Я.
999 _c195493
_d195493